A fuerza de ser hombres : los derechos humanos : ¿tabú de la cultura política? /

Gorde:
Xehetasun bibliografikoak
Egile nagusia: Borbolla, Juan de la (autor)
Formatua: Liburua
Hizkuntza:gaztelania
Argitaratua: México : MiNos, 1999, c1990
Etiketak: Etiketa erantsi
Etiketarik gabe, Izan zaitez lehena erregistro honi etiketa jartzen!

MARC

LEADER 00000nam^a2200000^a^4500
001 000557058
005 20250521000000.0
009 20260310131753.01
020 |a 968-428-786-0 
037 |a Acervo ITESO - Biblioteca 
041 |a ESP 
091 |a FGM. 00271 
100 |a Borbolla, Juan de la  |e (autor) 
245 1 0 |a A fuerza de ser hombres :  |b los derechos humanos : ¿tabú de la cultura política? / 
264 4 |a México :  |b MiNos,  |c 1999, c1990 
300 |a 197 p. 
336 |a texto  |b txt  |2 rdacontenido 
337 |a sin mediación  |b n  |2 rdamedio 
338 |a volumen  |b nc  |2 rdasoporte 
649 |a XX 
910 |a Fondo Efraín González Morfín 
920 |a Impresos - Libros 
930 |a Fondos Especiales 
905 |a 130 
901 |a 0500390774  |b IT2  |c ESL  |i D90178  |u 20250521 
902 |a https://opac.biblio.iteso.mx/vufind/Record/000557058